| 000 | 01691nam a22001697a 4500 | ||
|---|---|---|---|
| 003 | OSt | ||
| 008 | 230506b |||||||| |||| 00| 0 eng d | ||
| 041 | _aMAL | ||
| 082 |
_a894.812 3 _bGAB/EK |
||
| 100 |
_aGABRIEL GARCIA MARQUEZ _aഗബ്രിയേൽ ഗാർസിയാ മാർക്സ് _95427 |
||
| 245 |
_aEKANTHATHAYUDE NOORU VARSHANGAL _bഏകാന്തതയുടെ നൂറു വർഷങ്ങൾ |
||
| 250 | _a28 | ||
| 260 |
_akottayam _bdcbooks _c2022 |
||
| 300 | _a383 | ||
| 520 | _aഗബ്രിയേല് ഗാര്സിയ മാര്ക്വിസിന്റെ മാസ്റ്റര്പീസ് നോവല്. മാക്കോണ്ടയിലെ ബുവേന്ഡിയ കുടുംത്തിന്റെ വംശഗാഥയിലൂ ടെ മനുഷ്യാവസ്ഥകളുടെ സമസ്തവശങ്ങളെയും മാര്ക്വിസ് കാട്ടിത്തരുന്നു. പ്രണയവും കാമവും അഗമ്യഗമനവും കുടുംബ ബന്ധങ്ങളുടെ തീവ്രതയും പ്രതികാരവുമെല്ലാം മാജിക്കല് റിയലിസമെന്ന മന്ത്രച്ചരടില് കോര്ത്ത് ഒരു ഹാരമായി വായനക്കാരന്റെ ഉള്ളിലേക്ക് നീട്ടുകയാണ് ഗ്രന്ഥകാരന്. ലോകസാഹിത്യത്തിലെ ഇതിഹാസമായി മാറിയ കൃതിയുടെ പരിഭാഷ. | ||
| 942 | _cBK | ||
| 999 |
_c17666 _d17666 |
||